000 00915nas a2200313 4500
001 BR0803816
003 BR-BrBNA
005 20231205112328.0
007 ta
008 230509b bl.|||p| |||| 00| 00por d
040 _aBR-BrBNA
_bpor
_cBiblioteca Nacional de Agricultura
041 _a(Pt)
072 _aH20
100 1 _aRodrigues, M.B.C.
100 1 _aAndreote, F.D.
100 1 _aSpósito, M.B.
100 1 _aAguillar-Vildoso, C.I.
100 1 _aAraújo, W.L.
100 1 _aPizzirani-Kleiner, A.A.
245 1 _aResistência a benzimidazóis por Guignardia citricarpa
650 _aFRUTA CÍTRICA
650 _aFUNGO
650 _aMANCHA PRETA
650 _aFUNGICIDA
650 _aCONTROLE QUÍMICO
773 0 _tPesquisa Agropecuária Brasileira (Brazil)
_xISSN 0100-204X
_g(Mar 2007), v. 42(3) p. 323-327
_wBR0803816
909 _a202311
_bLúcia
_c55
_dLúcia Elande
942 _2AGRIS
_n0
_cANA
999 _c197465
_d197465